000
00241nam a2200097Ia 4500
008
230915s9999 xx 000 0 und d
050
_a
Z 678 .Y67
100
_a
WILSON,ALEX
245
0
_a
LIBRARY ASSOCIATION MANAGEMENT PAMPHLETS
942
_c
BK
999
_c
206694
_d
206694